|
|
|
|
| LEADER |
01052nam a22002417a 4500 |
| 001 |
38165 |
| 003 |
BD-DhAAL |
| 008 |
220322t2018 bg ||||| |||| 00| 0 ben d |
| 999 |
|
|
|c 43835
|d 43835
|
| 020 |
|
|
|a 9789848045022
|
| 040 |
|
|
|a BD-DhAAL
|
| 041 |
|
|
|a ben
|
| 082 |
|
|
|a 891.441
|2 23
|
| 100 |
|
|
|a শেলী, মীজানূর রহমান
|9 47228
|
| 245 |
|
|
|a অলোক লতার মূল /
|c মীজানূর রহমান শেলী
|
| 246 |
|
|
|a Alok latar mul
|
| 260 |
|
|
|a ঢাকা :
|b একাডেমিক প্রেস এন্ড পাবলিশার্স লাইব্রেরি,
|c ২০১৮.
|
| 300 |
|
|
|a ১৩৪ পৃষ্ঠা ;
|c ২২ সে.মি.
|
| 541 |
|
|
|a Donated By Akbar Ali Khan
|e 38165
|
| 650 |
|
|
|a Bengali poetry.
|9 47229
|
| 852 |
|
|
|a Ayesha Abed Library
|c Akbar Ali Khan Collection
|
| 942 |
|
|
|2 ddc
|c BK
|
| 952 |
|
|
|0 0
|1 0
|2 ddc
|4 0
|6 891_441000000000000_SHE
|7 1
|9 70218
|a BRACUL
|b BRACUL
|c AAKC
|d 2022-03-22
|e Donated by Akbar Ali Khan
|l 0
|o 891.441 SHE
|p 3010038165
|r 2022-03-22
|t 1
|w 2022-03-22
|y BK
|